Una introducción a la cultura visual /
Gorde:
| Egile nagusia: | |
|---|---|
| Formatua: | Liburua |
| Hizkuntza: | gaztelania |
| Argitaratua: |
Barcelona, España :
Paidós,
2003, c2003
|
| Saila: | (Arte y Educación ;
6) |
| Gaiak: | |
| Etiketak: |
MARC
| LEADER | 00000nam^a2200000^a^4500 | ||
|---|---|---|---|
| 001 | 000153431 | ||
| 005 | 20250521000000.0 | ||
| 009 | 20260310100319.319 | ||
| 020 | |a 84-493-1390-2 | ||
| 037 | |a Acervo ITESO - Biblioteca | ||
| 041 | |a ESP | ||
| 082 | |a 701. 07 |b MIR | ||
| 100 | |a Mirzoeff, Nicholas |e (autor) | ||
| 240 | 1 | 5 | |a [Una introducción a la cultura visual] |
| 245 | 1 | 4 | |a Una introducción a la cultura visual / |c N. Mirzoeff ; tr. por Paula García Segura. |
| 264 | 4 | |a Barcelona, España : |b Paidós, |c 2003, c2003 | |
| 300 | |a 378 p. | ||
| 336 | |a texto |b txt |2 rdacontenido | ||
| 337 | |a sin mediación |b n |2 rdamedio | ||
| 338 | |a volumen |b nc |2 rdasoporte | ||
| 440 | 1 | |a (Arte y Educación ; |v 6) | |
| 500 | |a Traducción de: An Introduction to Visual Culture | ||
| 649 | |a XX | ||
| 650 | |a Sociedad Postindustrial | ||
| 650 | |a Imagen - |x Tema Principal | ||
| 650 | |a Recepción y Apreciación del Arte | ||
| 650 | |a Pintura - |x Historia y Crítica | ||
| 650 | |a Cine - |x Historia y Crítica | ||
| 650 | |a Realidad Virtual | ||
| 650 | |a Comunicación Visual - |x Tema Principal | ||
| 650 | |a Arte Digital - |x Historia y Crítica | ||
| 650 | |a Arte y Ciencia | ||
| 650 | |a Arte y Sociedad - |x Historia y Crítica | ||
| 650 | |a Arte - |x Historia y Crítica | ||
| 650 | |a Arte - |x Estudio y Enseñanza | ||
| 650 | |a Estética | ||
| 910 | |a Fondo General | ||
| 920 | |a Impresos - Libros | ||
| 930 | |a Colección General | ||
| 905 | |a 101 | ||
| 901 | |a 0500082119 |b IT1 |c ACC |u 20250521 | ||
| 902 | |a https://opac.biblio.iteso.mx/vufind/Record/000153431 | ||